Southville International School and Colleges
Your cart is empty.
  • Cart
  • Lists
    Public lists Eva Luna New books Lux_list list_1
    Your lists Log in to create your own lists
  • Log in to your account
  • Your cookies
  • Search history
Southville International School and Colleges
  • Advanced search
  • Recent comments
  • Most popular
  • Libraries

Log in to your account

Log in with GOOGLE


If you do not have an external account, but do have a local account, you can still log in:

  1. Home
  2. MARC view: Financial Programming :
Normal view MARC view ISBD view

Financial Programming : (Record no. 290967)

[ view plain ]
MARC details
000 -LEADER
fixed length control field 00724nam a2200265Ia 4500
008 - FIXED-LENGTH DATA ELEMENTS--GENERAL INFORMATION
fixed length control field 160216s9999 xx 000 0 und d
020 ## - INTERNATIONAL STANDARD BOOK NUMBER
International Standard Book Number 971-08-6261-8
050 ## - LIBRARY OF CONGRESS CALL NUMBER
Classification number FIL HF 5548.4
050 ## - LIBRARY OF CONGRESS CALL NUMBER
Item number .M523H37 2002 c.2
100 ## - MAIN ENTRY--PERSONAL NAME
Personal name Harina, Ricardo M.
245 ## - TITLE STATEMENT
Title Financial Programming :
245 ## - TITLE STATEMENT
Remainder of title for business and cooperatives /
245 ## - TITLE STATEMENT
Statement of responsibility, etc Ricardo M. Harina.
260 ## - PUBLICATION, DISTRIBUTION, ETC. (IMPRINT)
Place of publication, distribution, etc Mandaluyong:
260 ## - PUBLICATION, DISTRIBUTION, ETC. (IMPRINT)
Name of publisher, distributor, etc National Book Store,
260 ## - PUBLICATION, DISTRIBUTION, ETC. (IMPRINT)
Date of publication, distribution, etc 2002
300 ## - PHYSICAL DESCRIPTION
Extent 491 pages :
300 ## - PHYSICAL DESCRIPTION
Other physical details ill. ;
300 ## - PHYSICAL DESCRIPTION
Dimensions 25 cm.
650 ## - SUBJECT ADDED ENTRY--TOPICAL TERM
Topical term or geographic name as entry element Accounting --
650 ## - SUBJECT ADDED ENTRY--TOPICAL TERM
Topical term or geographic name as entry element Cooperative societies --
650 ## - SUBJECT ADDED ENTRY--TOPICAL TERM
Topical term or geographic name as entry element Microsoft excel (Computer file).
650 ## - SUBJECT ADDED ENTRY--TOPICAL TERM
General subdivision Accounting -- Computer programs
650 ## - SUBJECT ADDED ENTRY--TOPICAL TERM
General subdivision Data processing.
Holdings
Withdrawn status Lost status Damaged status Home library Current library Shelving location Date acquired Total Checkouts Full call number Barcode Date last seen Price effective from Koha item type
      South Mansfield College South Mansfield College Filipiniana Section     FIL HF 5548.4 .M523H37 2002 c.2 SMC00279 02/16/2016 02/16/2016  

Financial Programming :

APA

Harina R. M., .Financial Programming. Mandaluyong: .

Chicago

Harina Ricardo M, .Financial Programming. Mandaluyong: .

Harvard

Harina R. M., .Financial Programming. Mandaluyong: .

MLA

Harina Ricardo M, .Mandaluyong: . .

  • Place hold
  • Print
  • Cite
  • Add to your cart (remove)
  • Save record
    BIBTEX Dublin Core MARCXML MARC (non-Unicode/MARC-8) MARC (Unicode/UTF-8) MARC (Unicode/UTF-8, Standard) MODS (XML) RIS
  • More searches
    Search for this title in:
    Other Libraries (WorldCat) Other Databases (Google Scholar) Online Stores (Bookfinder.com) Open Library (openlibrary.org)

Exporting to Dublin Core...

SOUTHVILLE LIBRARY

Southville International School and Colleges Library

1281 Tropical Ave. Cor. Luxembourg St., BF Homes International, Las Pinas City

Tel. No. 8256374 / 252358 Loc. 117/146

Powered by Koha